Sudden Death - Nachbarländer der Ukraine - Statistiken

Allgemein
  • Dieses Quiz wurde 211 mal gespielt
  • Das Durchschnittsergebnis liegt bei 5 aus 7
Answers on the Grid
Answers color-coded by a green-red scale on the quiz's grid according to % correct below.
Russland🇷🇺
Belarus🇧🇾
Polen🇵🇱
Slowakei🇸🇰
Ungarn🇭🇺
Moldau🇲🇩
Rumänien🇷🇴
Bulgarien🇧🇬
Kasachstan🇰🇿
Estland🇪🇪
Lettland🇱🇻
Litauen🇱🇹
Finnland🇫🇮
Slowenien🇸🇮
Serbien🇷🇸
Tschechien🇨🇿
Italien🇮🇹
Norwegen🇳🇴
Mongolei🇲🇳
Österreich🇦🇹
 
Antwortstatistiken
Antwort % Korrekt
Russland🇷🇺
88%
Moldau🇲🇩
77%
Belarus🇧🇾
76%
Polen🇵🇱
76%
Rumänien🇷🇴
72%
Slowakei🇸🇰
50%
Ungarn🇭🇺
48%
Keine übereinstimmenden Quizze gefunden
Verteilung der Resultate
Anzahl Personen mit jedem Resultat
Perzentil nach korrekt beantworteten Fragen
Ihre Resultats-Entwicklung
Sie haben dieses Quiz noch nicht gespielt